00956nam a2200229 a 450000100100000000500170001000800410002704000250006804100390009308200130013210000310014524000690017624501230024526000480036830000210041649000250043753400890046283000320055104900090058395201170059299900170070900002498120200930023504.0110201s1950 ag r 000 0 spa d aDO-SdBNPbspacBNPHU17aspahfre2Código de idiomas MARC ann*bnn*1 aRenouvier, Charles.95126014aHistoire et solution des problémes métaphysiques.lEspañol10aHistoria y solución de los problemas metafisicos /cCharles Renouvier ; traducción de Francisco González Ríos. aBuenos Aires :bLibrería hachette,c1950. a591 p. ;c19 cm.1 aCultura filosófica aTítulo de la obra original :tHistoire et solution des problémes métaphysiques 0aCultura filosófica951261 aBNGR 001054708MOaGRbGRcCTd2011-02-08iLF1l0onn* nn*p24981-10r2020-06-25w2020-06-25y4ZPréstamo en sala c24474d24474